000 00376nam a22001097a 4500
082 _a910
100 _aवरे, डॉ. एस. एल.
_982077
245 _aपर्यटन में इतिहास का अनुप्रयोग
260 _aभोपाल
_bकैलाश पुस्‍तक सदन
_c2023
650 _aयात्रा
942 _cBK
999 _c66409
_d66409